Quizzes
Events
Quiz Creation
Community
Videos
Private Events
Remove Ads
Sign In
Join for FREE
Feedback
Dark Mode
Quiz Categories
Sports
Geography
Music
Movies
Television
Just For Fun
Miscellaneous
History
Literature
Language
Science
Gaming
Entertainment
Religion
Holiday
For Kids
Quiz Lab
Recent
Popular Today
Quiz Kudos Today
Editor Picks
Curator Picks
Quizzes by...
Day
Popularity
Type
Ratings
Length
Year
Community
Subscriptions
Recent Discussions
Orange Saloon
Badges
Playlists
Quests
Create
Leaderboards
Showdown
Live 5
Trivia Bingo
Activity
Puzzle Library
Sporcle Events
Private Events
Virtual Trivia
Globe League
Become a Host
Pub Owners
SporcleCon
Opinionation
Our Games
Videos
Blog
Mobile Apps
Partnerships
Remove Ads and Go Orange
Feedback
Just For Fun
Clickable
Get the Picture
Humor
Quick Pick
Word Ladder
Missing Word
Mixed Word
Blitz
Minefield
This or That
Alphabet
Color
Typing
Sporcle
Puzzle
Word Play
Follow That Line
Logic
Just For Fun
Clickable
Get the Picture
Humor
Quick Pick
Word Ladder
Missing Word
Mixed Word
Blitz
Minefield
This or That
Alphabet
Color
Typing
Sporcle
Puzzle
Word Play
Follow That Line
Logic
Random Quiz
Search Sporcle
×
Quiz Lab
Quiz Lab
Just For Fun
Jedi
Type in answers that appear in a list
Type in answers that appear in a list
Classic
Best Score? Go Orange.
Star Wars: Jedi/Sith Apprentices Stats
Can you name the Jedi/Sith Apprentice?
By
Caesar23
8m
22 Questions
250 Plays
250 Plays
250 Plays
Comments
Comments
Give Quiz Kudos
Give Quiz Kudos
-
- Ratings
hide this ad
Replay
Link that replays current quiz
Next Quiz
Link to next quiz in quiz playlist
You Got
0%
They Got
Avg Score
43%
Avg Friend Score
Upgrade to see
Score Distribution
Jump to the score distribution portion of the page
Score
0/22
Timer
08:00
0
Plays Today
Master
Apprentice
% Correct
Qui Gon Jinn
Obi Wan Kenobi
96%
Obi Wan Kenobi
Anakin Skywalker
89.6%
Darth Sidious (First Apprentice)
Darth Maul
72%
Obi Wan Kenobi and Yoda
Luke Skywalker
72%
Darth Plagueis
Darth Sidious
64.4%
Count Dooku
Qui Gon Jinn
60.8%
Thame Cerulian
Count Dooku
47.6%
N'Kata Del Gormo
Yoda
46.8%
Vodo Siosk Baas
Exar Kun
39.2%
Naga Sadow
Freedon Nadd
37.2%
Kreia
Darth Revan
36%
Master
Apprentice
% Correct
Lord Kas'im
Darth Bane
34.4%
Darth Zannah
Darth Cognus
33.6%
Mara Jade Skywalker
Jaina Solo
32.4%
Lumiya
Darth Caedus
28.8%
Darth Caedus
Tahiri Veila
28%
XoXaan
Darth Krayt
27.6%
Simius
Naga Sadow
25.6%
Cin Drallig (Best Apprentice)
Serra
22.4%
Kyp Durron (First Apprentice)
Miko Reglia
21.2%
Thon
Nomi Sunrider
18.4%
Ulic Qel Droma
Vima Sunrider
16.8%
Quiz Playlist
Details
Report
Send in Message
Add To Playlist
Classic:
Type in answers that appear in a list
Last Updated: Feb 16, 2017
Quiz Scoreboard
CHALLENGE
Sign Up to Join the Scoreboard
Show All
Scores
Hide
Comments
May contain spoilers
Recently Published
Click the 1999 NBA Draft
by nibperrychub
Sports
2m
Alphabetical 'K' Countries by Flag Minefield
by ylime102
Geography
3m
Pick 6: Fruits
by JohnFran
Miscellaneous
15s
More to Explore
Quiz From the Vault
Featured Blog Post
15 Basketball Trivia Facts You Can Be March Mad About
hide this ad
You Might Also Like...
Tags
apprentice
Jedi
Master
sith
Today's Top Quizzes in Just For Fun
Browse Just For Fun
hide this ad
Today's Top Quizzes in Jedi
Browse Jedi
Top Contributed Quizzes in Just For Fun
1
Pick 6: Letters
2
Seasons
3
Pick 6: Foods
4
Pick 6: Colors
5
Quick Pick: Spring Things
6
Just Another 1-25 Logic Puzzle
7
Four Seasons
8
Disney/Pixar Logic Puzzle
9
Reverse Eye-Numbing Numbers
10
LogiCrossword: Seasons of Year
Explore More
Trending Topics
Anime
Crossword
Disney
Harry Potter
NBA
Kpop
Marvel
WWE
Pokémon
Puzzle
NFL
Song
Country
The Office
Soccer
hide this ad
More By:
Caesar23
Quiz
Plays
Rating
Category
Featured
Created
Star Wars: Sith
429
Entertainment
Jun 29, 2011
Lead Guitarists
387
1.00
Music
Nov 13, 2009
Star Wars: Jedi/Sith Apprentices
250
2.00
Just For Fun
Aug 5, 2011
Star Wars: Revan
183
5.00
Just For Fun
Apr 10, 2013
Star Wars: Sith and Dark Side
148
Just For Fun
Aug 14, 2011
Go to Creator's Profile
Score Distribution
Quiz Creator Spotlight
Caesar23
Follow
Send a Message
Quizzes Created
-
Created Quiz Play Count
-
More By This Creator
Popular Quizzes Today
1
Find the US States - No Outlines Minefield
2
Countries of Asia Without Outlines Minefield
3
Pick 6: Fruits
4
The Countries of the World
5
Alphabetical 'K' Countries by Flag Minefield
6
Click the 1999 NBA Draft
7
Match the Book to the Film X
8
Find the US States
More Just For Fun Quizzes
Missing Word: Tennessee A-Z
Published
Trending Quizzes
Pick 6: Harry Potter
Pick 6: Mountains
Pick 6: NFL Teams
Pick 6: Movie Franchises
Pick 6: Golfers
Recently Updated
Women's Final Four Teams by Year
bhenderson79
Presidents Quartet II
eogle
Anything But Clue(do)
eogle
Anything But Oceanian Capitals
eogle
Anything But 7
eogle
Anything But Thing
eogle
Word Ladder: February 29
pecheneg
Song Title Questions
pecheneg
Women's NCAA Tournament #1 Seeds
pecheneg
Celebrity Mug Shots
pecheneg
Trending Topics
Harry Potter
Marvel
NBA
Anime
Disney
Kpop
Crossword
Puzzle
NFL
Song
Pokémon
WWE
Soccer
Country
The Office
Your Account Isn't Verified!
In order to create a playlist on Sporcle, you need to verify the email address you used during registration. Go to your
Sporcle Settings
to finish the process.
Report this User
Report this user for behavior that violates our
Community Guidelines
.
Details:
Send Report
Go to the Sporcle.com Mobile Site →
Comments